000 01368cam a2200277 a 4500
003 OSt
005 20260610101155.0
008 080806s2008 enk b 001 0 eng
020 _a9780199236978 (hbk.)
040 _c.
082 0 0 _a346.0664 CHE
100 1 _aCheffins, Brian R.
245 1 0 _aCorporate ownership and control :
_bBritish business transformed /
_cBrian R. Cheffins.
260 _aNew York :
_bOxford University Press,
_c2008.
300 _axviii, 423 p. ;
_c25 cm.
365 _bRS.5279
505 _a1: Setting the scene ; 2: The determinants of ownership and control: current theories ; 3: The ‘sell side’ ; 4: The ‘buy side’ ; 5: Up to 1880 ; 6: 1880–1914 ; 7: The separation of ownership and control by 1914 ; 8: 1914–1939 ; 9: 1940–1990: the sell side ; 10: 1940–1990: the buy side ; 11: Epilogue: challenges to the UK system of ownership and control .
650 0 _aCorporate governance
650 0 _aLaw and legislation
651 _aHistory.
856 4 1 _3Table of contents
_uhttp://www.loc.gov/catdir/toc/ecip0825/2008034977.html
906 _a7
_bcbc
_corignew
_d1
_eecip
_f20
_gy-gencatlg
942 _2ddc
_cBK
999 _c26063
_d26063